| 000 | 00921nam a2200205 a 4500 | ||
|---|---|---|---|
| 003 | AM-YeHGA | ||
| 005 | 20250617154941.0 | ||
| 008 | 180330s1945 ru |||||rf||||000|0|rus|| | ||
| 040 | _aAM-YeHGA | ||
| 041 | 0 | _arus | |
| 245 | 0 | 0 |
_aУрал в Отечественной войне 1812 года : _bСборник документов / _cПод ред. проф. В.В. Данилевского ; Упр. НКВД по Свердл. обл. Архивный отд. |
| 260 |
_a[Свердловск] : _bСвердлгиз, _c1945. |
||
| 300 |
_a227 с., 2 л. факс. ; _c20 см. |
||
| 650 | 1 | 4 | _aИстория России |
| 651 | 4 |
_aСвердловская область _xИстория |
|
| 700 | 1 |
_aДанилевский, Виктор Васильевич _eред. _4edt |
|
| 710 | 2 |
_aСвердловская область. _bАрхивный отдел |
|
| 942 |
_2udc _cBK |
||
| 090 | _c425431 | ||
| 999 |
_c423000 _d423000 |
||